Visualizzazione normale
Vista MARC
di Topical Term
Records bibliografici associati: 1
001 - CONTROL NUMBER
- control field: 53658
003 - CONTROL NUMBER IDENTIFIER
- control field: IT-RoPau
005 - DATE AND TIME OF LATEST TRANSACTION
- control field: 20151203123757.0
008 - FIXED-LENGTH DATA ELEMENTS
- fixed length control field: 151203|| aca||aabn | a|a d
040 ## - CATALOGING SOURCE
- Original cataloging agency: IT-RoPau
- Transcribing agency: IT-RoPau
150 ## - HEADING--TOPICAL TERM
- Topical term or geographic name entry element:
- : TV-PROGRAMMI MUSICALI []
- General subdivision: Codice MATERIA SPICS: 9965
670 ## - SOURCE DATA FOUND
- Source citation: Work cat.: (IT-RoPau)107800: N.d. 35592, MODELLO DOCUMENTO R54AC MODELLO DOCUMENTO R54AC (Rif. Codice opera principale : R54AC)